[Event "2001/2002 World Chess Cha"]
[Site "Moscow"]
[Date "2001.11.28"]
[Round "1"]
[White "Yu, Shaoteng"]
[Black "Zhang, Zhong"]
[Result "0-1"]
[WhiteElo "2518"]
[BlackElo "2657"]
[PlyCount "50"]
[PresId "0001010325"]

1. e4 e5 2. Nf3 Nc6 3. Bb5 Nf6 4. O-O Nxe4 5. Re1 Nd6 6. Nxe5 Nxe5 7. Rxe5+ Be7
8. Bd3 O-O 9. Nc3 Bf6 10. Re3 g6 11. b3 b6 12. Ba3 Bb7 13. Qg4 c5 14. Rae1 Re8
15. b4 Rxe3 16. Rxe3 Bd4 17. Re1 Qf6 18. Nd1 c4 19. Bf1 Bc6 20. c3 Be5 21. Bxc4
h5 22. Qe2 Qf4 23. Qxe5 Qxe5 24. Rxe5 Nxc4 25. b5 Nxe5 0-1

[Event "2001/2002 World Chess Cha"]
[Site "Moscow"]
[Date "2001.11.28"]
[Round "1"]
[White "Volokitin, Andrei"]
[Black "Sakaev, Konstantin"]
[Result "0-1"]
[WhiteElo "2551"]
[BlackElo "2630"]
[WhiteCountry "UKR"]
[BlackCountry "RUS"]
[Remark "0"]
[Host "XB3/1"]
[BoardID "1980"]
[PresId "0001010338"]

1.e4 e5 2.Nf3 Nf6 3.d4 Nxe4 4.dxe5 d5 5.Nbd2 Bf5 6.Nxe4 Bxe4
7.Bd3 Nc6 8.O-O Bxd3 9.Qxd3 Qd7 10.Bf4 Be7 11.Rad1 O-O-O 12.a3
h6 13.Rfe1 g5 14.Bc1 Qe6 15.b4 g4 16.Nd4 Nxd4 17.Qxd4 Kb8 18.Be3
b6 19.a4 c5 20.bxc5 bxc5 21.Qd3 Ka8 22.c4 Qa6 23.cxd5 Qxd3 24.Rxd3
c4 25.Rdd1 Bb4 26.Re2 Rd7 27.Rc2 c3 28.Kf1 h5 29.d6 Re8 30.Bd4
f6 31.Bxc3 Bxc3 32.Rxc3 Rxe5 33.Re3 Rxe3 34.fxe3 Kb7 35.Kf2 Kc8
36.Kg3 Rb7 37.Kf4 Rb2 38.Kf5 Kd7 39.Kxf6 Rxg2 40.Ke5 Rxh2 41.Rc1
Re2 42.Rc7+ Kd8 43.e4 h4 44.Rg7 g3 45.Kd5 g2 46.e5 Rd2+ 47.Ke6
Kc8 48.a5 a6 49.Ke7 h3 50.e6 h2 51.d7+ Kc7 52.Ke8 Kc6 53.e7 h1Q
54.Rg6+ Kb7 55.d8N+ Ka7 56.Nc6+ Ka8 57.Kf7 Qh7+ 58.Rg7 Qxg7+
59.Kxg7 g1Q+ 60.Kf7 Qf2+ 61.Kg7 Qg2+ 62.Kf6 Qxc6+ 0-1

[Event "2001/2002 World Chess Cha"]
[Site "Moscow"]
[Date "2001.11.28"]
[Round "1"]
[White "Psakhis, Lev"]
[Black "Korchnoi, Viktor"]
[Result "1-0"]
[WhiteElo "2566"]
[BlackElo "2624"]
[WhiteCountry "ISR"]
[BlackCountry "SUI"]
[Remark "0"]
[Host "XB4/2"]
[BoardID "1815"]
[PresId "0001010445"]

1.e4 c6 2.d4 d5 3.Nd2 dxe4 4.Nxe4 Bf5 5.Ng3 Bg6 6.Nf3 Nd7 7.h4
h6 8.h5 Bh7 9.Bd3 Bxd3 10.Qxd3 e6 11.Bd2 Ngf6 12.O-O-O Qc7 13.Ne4
Be7 14.g3 Nxe4 15.Qxe4 O-O-O 16.Bf4 Bd6 17.Bxd6 Qxd6 18.Ne5 Nxe5
19.dxe5 Qc5 20.Qf4 Rhf8 21.Rhe1 Rd5 22.a3 Qe7 23.c4 Rxd1+ 24.Rxd1
Qg5 25.Qxg5 hxg5 26.Kd2 Rh8 27.g4 Rh6 28.Ke3 g6 29.Rh1 gxh5 30.gxh5
Kd7 31.Kf3 Ke7 32.Kg4 f6 33.exf6+ Kxf6 34.Rd1 Rh7 35.Rd8 Rf7
36.Rg8 Rd7 37.Rg6+ Kf7 38.Kxg5 Rd1 39.Rf6+ Ke7 40.Rf4 Rg1+ 41.Rg4
Rf1 42.Kg6 Rxf2 43.h6 Rf6+ 44.Kh5 Rf5+ 45.Rg5 Rf2 46.Kg6 Rf6+
47.Kh7 b6 48.b4 a6 49.a4 Kf7 50.Rg7+ Kf8 51.Rg8+ Kf7 52.Rb8 Rf4
53.Rb7+ Kf8 54.Kg6 Rg4+ 55.Kf6 Rf4+ 56.Kxe6 Re4+ 57.Kf5 Rh4 58.h7
a5 59.bxa5 bxa5 60.h8Q+ 1-0

[Event "2001/2002 Women World Che"]
[Site "Moscow"]
[Date "2001.11.28"]
[Round "1"]
[White "Mohota, Nisha"]
[Black "Stepovaia-Dianchenko, Tat"]
[Result "1/2-1/2"]
[WhiteElo "2236"]
[BlackElo "2451"]
[WhiteCountry "IND"]
[BlackCountry "RUS"]
[Remark "0"]
[Host "XB4/1"]
[BoardID "1912"]
[PresId "0002010313"]

1.d4 d5 2.c4 c6 3.Nc3 Nf6 4.Nf3 a6 5.e3 b5 6.b3 Bg4 7.Be2 Bxf3
8.Bxf3 e6 9.O-O Nbd7 10.Bd2 Be7 11.Qc2 O-O 12.a4 b4 13.Ne2 a5
14.e4 dxe4 15.Bxe4 Nxe4 16.Qxe4 c5 17.Be3 Qc7 18.Rfd1 Rad8 19.Rd2
cxd4 20.Nxd4 Nc5 21.Qc2 e5 22.Nf5 Rxd2 23.Bxd2 Ne6 24.Re1 Bc5
25.Qe4 Bd4 26.Ne3 Nc5 27.Qc2 g6 28.Nd5 Qd6 29.Bh6 Re8 30.Qd1
Re6 31.Be3 Bxe3 32.Rxe3 f5 33.h4 h5 34.Re2 e4 35.Qc2 Qe5 36.g3
Rd6 37.Kh2 Ne6 38.Re3 Nd4 39.Qd1 Kg7 40.f4 Nf3+ 41.Qxf3 Qxd5
42.cxd5 exf3 43.Rd3 Kf6 44.Kg1 Rd8 45.Kf2 Ke7 46.Kxf3 Kd6 47.Re3
Rc8 48.Rd3 1/2-1/2

[Event "2001/2002 Women World Che"]
[Site "Moscow"]
[Date "2001.11.28"]
[Round "1"]
[White "Arakhamia-Grant, Ketevan"]
[Black "Ciuksyte, Dagne"]
[Result "0-1"]
[WhiteElo "2446"]
[BlackElo "2255"]
[WhiteCountry "GEO"]
[BlackCountry "LTU"]
[Remark "0"]
[Host "XB4/1"]
[BoardID "539"]
[PresId "0002010315"]

1.e4 {00:20:18} c5 {00:20:17} 2.Nf3 {00:18:11} e6 3.Nc3 a6 4.d4
cxd4 5.Nxd4 b5 6.Bd3 Qb6 7.Nb3 Qc7 8.f4 Bb7 9.Qe2 d6 10.O-O Nd7
11.a4 b4 12.Nd1 Ngf6 13.Nf2 e5 14.a5 Be7 15.Ra4 d5 16.fxe5 Nxe5
17.exd5 Nxd5 18.Be4 O-O 19.Nd4 g6 20.Ra1 Bd6 21.h3 Rfe8 22.Qd1
Rad8 23.Bg5 Be7 24.Qc1 Qd7 25.Bxe7 Rxe7 26.Qg5 f6 27.Qg3 Kh8
28.Rae1 Rde8 29.Nd3 Nxd3 30.Bxd3 Ne3 31.Rf4 Nxg2 32.Rxe7 Rxe7
33.Rg4 Ne3 34.Rh4 g5 35.Qb8+ Bc8 36.Rh6 Kg8 37.Qb6 Qd5 38.Bf1
Nxf1 39.Qxf6 Rf7 40.Qb6 Ne3 41.Qc6 Rf1+ 42.Kh2 Qe5# 0-1

[Event "2001/2002 Women World Che"]
[Site "Moscow"]
[Date "2001.11.28"]
[Round "1"]
[White "Xu, Yuanyuan"]
[Black "Pina, Sulennis"]
[Result "1-0"]
[WhiteElo "2431"]
[BlackElo "2289"]
[WhiteCountry "CHN"]
[BlackCountry "CUB"]
[Remark "0"]
[Host "XB3/2"]
[BoardID "147"]
[PresId "0002010318"]

1.d4 {00:20:19} c5 {00:20:15} 2.d5 {00:20:28} e5 {00:20:22} 3.e4
{00:20:36} d6 {00:20:29} 4.Nc3 {00:20:43} Be7 {00:20:31} 5.Bb5+
{00:20:50} Nd7 {00:20:32} 6.Nf3 {00:20:26} a6 {00:20:39} 7.Be2
b5 8.a4 b4 9.Nb1 Ngf6 10.Nbd2 Nf8 11.Bd3 Ng6 12.Nc4 O-O 13.O-O
h6 14.a5 Rb8 15.Nb6 Ne8 16.Qe2 Nc7 17.Be3 Bb7 18.c3 bxc3 19.bxc3
Bg5 20.Nxg5 hxg5 21.g3 f6 22.Rab1 Kf7 23.f4 gxf4 24.gxf4 exf4
25.Bxf4 Nxf4 26.Rxf4 Rh8 27.Nc4 Nb5 28.Rb3 Kg8 29.Nb6 Qe8 30.Qg4
Rh6 31.Qe6+ Qxe6 32.dxe6 Bc6 33.Nd5 Re8 34.Bc4 Kh8 35.Bxb5 axb5
36.Nc7 Rb8 37.a6 b4 38.cxb4 c4 39.Rb1 Rc8 40.b5 Rxc7 41.bxc6
Kh7 42.Ra1 Rc8 43.a7 Ra8 44.c7 c3 45.Rf3 Rg6+ 46.Kf2 c2 47.Rh3+
Kg8 48.Rc3 1-0

[Event "2001/2002 Women World Che"]
[Site "Moscow"]
[Date "2001.11.28"]
[Round "1"]
[White "Foisor, Cristina Adela"]
[Black "Gu, Xiaobing"]
[Result "1-0"]
[WhiteElo "2423"]
[BlackElo "2300"]
[WhiteCountry "ROM"]
[BlackCountry "CHN"]
[Remark "0"]
[Host "XB3/2"]
[BoardID "1730"]
[PresId "0002010320"]

1.c4 c5 2.g3 g6 3.Nc3 Bg7 4.Bg2 Nc6 5.d3 d6 6.Qd2 e5 7.b3 Nge7
8.Bb2 Be6 9.e3 O-O 10.Nge2 d5 11.Rd1 Qd7 12.O-O Rad8 13.cxd5
Nxd5 14.Ne4 a6 15.Ng5 f5 16.Nxe6 Qxe6 17.a3 Rd7 18.Qc2 Rfd8 19.Nc3
Nde7 20.Nb1 Rd6 21.Bf3 Qd7 22.Be2 h6 23.b4 cxb4 24.axb4 Kh7 25.b5
Nb4 26.Qb3 Nxd3 27.Bxd3 Rxd3 28.Rxd3 Qxd3 29.Qf7 Qd6 30.Ba3 Qd5
31.Qxe7 Rd7 32.Qb4 Rc7 33.Qd6 Rd7 34.Qxd5 Rxd5 35.Nc3 Rd3 36.Bb4
e4 37.Rc1 h5 38.h4 Kh6 39.Kg2 Kh7 40.Ne2 Rb3 41.Rc4 Rb2 42.Nf4
Kh6 43.Ne6 Be5 44.Bf8+ Kh7 45.Ng5+ Kg8 46.Rc8 Bg7 47.Ba3+ Bf8
48.Bxb2 f4 49.gxf4 axb5 50.Ba3 1-0

[Event "2001/2002 Women World Che"]
[Site "Moscow"]
[Date "2001.11.28"]
[Round "1"]
[White "Baginskaite, Camilla"]
[Black "Prudnikova, Svetlana"]
[Result "1-0"]
[WhiteElo "2324"]
[BlackElo "2411"]
[WhiteCountry "USA"]
[BlackCountry "YUG"]
[Remark "0"]
[Host "XB3/2"]
[BoardID "1881"]
[PresId "0002010321"]

1.d4 Nf6 2.c4 e6 3.Nf3 d5 4.Nc3 dxc4 5.e4 c5 6.Bxc4 cxd4 7.Nxd4
Be7 8.O-O O-O 9.Bg5 h6 10.Bh4 e5 11.Ndb5 Nc6 12.Bxf6 Bxf6 13.Qh5
a6 14.Rad1 Nd4 15.Nxd4 exd4 16.e5 Bg5 17.f4 Be7 18.Ne2 b5 19.Bb3
d3 20.Nc3 Bb7 21.Qg6 Qd4+ 22.Kh1 Rad8 23.Qg3 b4 24.Nb1 h5 25.Nd2
h4 26.Qg4 Bc8 27.e6 f5 28.Qf3 Rf6 29.Rfe1 Qa7 30.Qe3 Qa8 31.Nf3
h3 32.Rxd3 hxg2+ 33.Kxg2 Bb7 34.Rxd8+ Qxd8 35.Rd1 Rg6+ 36.Kf2
Qc7 37.Rd7 Qc6 1-0

[Event "2001/2002 Women World Che"]
[Site "Moscow"]
[Date "2001.11.28"]
[Round "1"]
[White "Zielinska, Marta"]
[Black "Gaprindashvili, Nona {GM}"]
[Result "1/2-1/2"]
[WhiteElo "2399"]
[BlackElo "2349"]
[WhiteCountry "POL"]
[BlackCountry "GEO"]
[Remark "0"]
[Host "XB4/2"]
[BoardID "1974"]
[PresId "0002010325"]

1.d4 d5 2.c4 e6 3.Nc3 Nf6 4.Nf3 Be7 5.cxd5 exd5 6.Bf4 c6 7.Qc2
Na6 8.e3 Nb4 9.Qd1 Bf5 10.Rc1 a5 11.a3 Na6 12.Bd3 Bxd3 13.Qxd3
O-O 14.h3 Nc7 15.O-O Ne6 16.Bh2 Nd7 17.Ne5 Nxe5 18.Bxe5 a4 19.Rfd1
Qa5 20.Ne2 Qa6 21.Qc2 f5 22.Nf4 Nxf4 23.exf4 Rf7 24.Re1 Bf8 25.Re3
Re8 26.h4 Re6 27.Rce1 Qb5 28.Rc3 Be7 29.h5 Bf8 30.Ree3 Rh6 31.Rh3
b6 32.b4 axb3 33.Rxb3 Qa6 34.Qd1 Qa4 35.Qf3 Qa6 36.g4 fxg4 37.Qxg4
c5 38.Rbg3 c4 39.f5 b5 40.f6 Rhxf6 41.Bxf6 Rxf6 42.Rf3 Qe6 43.Qg5
Qe1+ 44.Kg2 Qe4 45.Rhg3 Rf7 46.Qe3 Bd6 47.Qxe4 dxe4 48.Rxf7 Kxf7
49.Re3 Kf6 50.Rc3 Ke6 51.a4 Kd5 52.axb5 Kxd4 53.Rc1 Ba3 54.Ra1
Bc5 55.Rd1+ Kc3 56.Rd5 Kb4 57.Kf1 Kxb5 58.Ke2 Kb4 59.Rd7 c3 60.Rxg7
h6 61.Rc7 Kc4 62.Kd1 Kb4 63.Rf7 Kb3 64.Rb7+ Bb4 65.Kc1 Kc4 66.Kc2
Bc5 67.Rf7 Bd4 68.Rf5 Bg7 69.Rf7 Bd4 70.Re7 Kd5 71.Rf7 Ke6 72.Rf4
Ke5 73.Rf8 Bc5 74.Rf7 Bd4 75.Kd1 Kd5 76.Rf5+ Ke6 77.Rf8 Ke5 78.Kc2
Ke6 79.Ra8 Kf5 80.Rd8 Be5 81.Re8 Bd4 82.Rd8 1/2-1/2

[Event "2001/2002 Women World Che"]
[Site "Moscow"]
[Date "2001.11.28"]
[Round "1"]
[White "Paehtz, Elisabeth"]
[Black "Radziewicz, Iweta"]
[Result "1-0"]
[WhiteElo "2390"]
[BlackElo "2375"]
[WhiteCountry "GER"]
[BlackCountry "POL"]
[Remark "0"]
[Host "XB3/2"]
[BoardID "455"]
[PresId "0002010329"]

1.e4 e6 2.d4 d5 3.Nc3 dxe4 4.Nxe4 Bd7 5.Nf3 Bc6 6.Bd3 Nd7 7.Qe2
Bxe4 8.Bxe4 c6 9.c3 Ngf6 10.Bc2 Qc7 11.Bg5 Bd6 12.g3 h6 13.Bd2
O-O 14.O-O-O b5 15.Rhe1 c5 16.dxc5 Nxc5 17.Nd4 a6 18.Kb1 Rab8
19.Qf3 Qb7 20.Qe2 Rfd8 21.g4 Bf8 22.g5 hxg5 23.Bxg5 Be7 24.Rg1
Kf8 25.Bf4 Rbc8 26.Qf1 Rd5 27.Qh3 Rh5 28.Qg3 g6 29.f3 Na4 30.Bxg6
e5 31.Bxf7 Rh7 32.Bh6+ Kxf7 33.Qg6# 1-0

[Event "2001/2002 Women World Che"]
[Site "Moscow"]
[Date "2001.11.28"]
[Round "1"]
[White "Kiseleva, Natalia"]
[Black "Wang, Yu"]
[Result "1-0"]
[WhiteElo "2382"]
[BlackElo "2382"]
[WhiteCountry "UKR"]
[BlackCountry "CHN"]
[Remark "0"]
[Host "XB3/2"]
[BoardID "1728"]
[PresId "0002010332"]

1.d4 d5 2.c4 c6 3.Nf3 Nf6 4.e3 e6 5.Bd3 Be7 6.Nbd2 O-O 7.O-O
Nbd7 8.e4 dxe4 9.Nxe4 Nxe4 10.Bxe4 Nf6 11.Bc2 c5 12.Bg5 cxd4
13.Qd3 g6 14.Rad1 Nh5 15.Bh6 Ng7 16.Qxd4 Qxd4 17.Nxd4 e5 18.Nb5
Bg4 19.f3 Bc5+ 20.Kh1 Be6 21.b3 Rac8 22.Be4 a6 23.Nd6 Bxd6 24.Rxd6
b5 25.Bb7 Rb8 26.Bxa6 bxc4 27.bxc4 Rb2 28.a4 Rc2 29.Rc1 Rxc1+
30.Bxc1 Nf5 31.Rd3 Ra8 32.Bb5 Nd4 33.Bh6 f5 34.Rd1 Rc8 35.Rc1
Nxb5 36.cxb5 Rxc1+ 37.Bxc1 Bb3 38.a5 1-0

[Event "2001/2002 Women World Che"]
[Site "Moscow"]
[Date "2001.11.28"]
[Round "1"]
[White "Stepovaia-Dianchenko, Tat"]
[Black "Mohota, Nisha"]
[Result "1/2-1/2"]
[WhiteElo "2451"]
[BlackElo "2236"]
[WhiteCountry "RUS"]
[BlackCountry "IND"]
[Remark "0"]
[Host "XB4/1"]
[BoardID "1912"]
[PresId "0002010413"]

1.e4 {00:20:17} d5 {00:20:18} 2.exd5 {00:20:23} Qxd5 {00:20:26}
3.Nc3 {00:20:30} Qa5 {00:20:35} 4.d4 {00:20:34} Nf6 {00:20:41}
5.Nf3 {00:20:38} Bf5 {00:20:48} 6.Bc4 {00:20:40} c6 {00:20:56}
7.Qe2 {00:20:20} e6 {00:20:51} 8.Bd2 {00:19:00} Bb4 {00:20:59}
9.a3 {00:18:14} Nbd7 {00:21:07} 10.O-O {00:17:20} Bxc3 {00:21:14}
11.Bxc3 {00:17:29} Qc7 {00:21:21} 12.Ne5 {00:15:32} Nxe5 {00:20:14}
13.dxe5 {00:15:40} Nd5 {00:20:00} 14.g4 {00:08:31} Bg6 {00:17:36}
15.Bxd5 cxd5 1/2-1/2

[Event "2001/2002 Women World Che"]
[Site "Moscow"]
[Date "2001.11.28"]
[Round "1"]
[White "Ciuksyte, Dagne"]
[Black "Arakhamia-Grant, Ketevan"]
[Result "1/2-1/2"]
[WhiteElo "2255"]
[BlackElo "2446"]
[WhiteCountry "LTU"]
[BlackCountry "GEO"]
[Remark "0"]
[Host "XB4/1"]
[BoardID "539"]
[PresId "0002010415"]

1.e4 d5 2.exd5 Qxd5 3.Nc3 Qa5 4.d4 Nf6 5.Bc4 Bg4 6.f3 Bf5 7.Nge2
e6 8.Bd2 Qb6 9.Bf4 Bb4 10.Qd2 Nc6 11.a3 Bxc3 12.Qxc3 O-O-O 13.O-O-O
Nd5 14.Bxd5 Rxd5 15.Be3 Qa6 16.Nf4 Rd7 17.g4 Bg6 18.h4 h5 19.Nxg6
fxg6 20.Qd3 Qxd3 21.Rxd3 Rf8 22.Rh3 Rdf7 23.gxh5 gxh5 24.Bf2
Ne7 25.Rg3 g6 26.c4 Rf4 27.Rh3 Nf5 28.b3 Rd8 29.d5 exd5 30.cxd5
b6 31.Kc2 Ne7 32.Be3 Rf7 33.Bg5 Rxd5 34.Bxe7 Rxd3 35.Kxd3 Rxe7
36.Rg3 Re6 37.Rg5 Kd7 38.f4 Rf6 39.Ke4 c5 40.f5 gxf5+ 41.Kf4
b5 42.Rxh5 c4 43.bxc4 bxc4 44.Ke5 Rf7 45.Kd4 f4 46.Kxc4 f3 47.Rd5+
Kc6 48.Rd1 Rf4+ 49.Kd3 Rxh4 50.Ke3 Rh3 51.Rf1 Kb5 52.a4+ Kb4
53.Rb1+ Ka3 54.Ra1+ Kb2 55.Rd1 a5 56.Rd5 Kb3 57.Rxa5 1/2-1/2

[Event "2001/2002 Women World Che"]
[Site "Moscow"]
[Date "2001.11.28"]
[Round "1"]
[White "Pina, Sulennis"]
[Black "Xu, Yuanyuan"]
[Result "1-0"]
[WhiteElo "2289"]
[BlackElo "2431"]
[WhiteCountry "CUB"]
[BlackCountry "CHN"]
[Remark "0"]
[Host "XB3/2"]
[BoardID "147"]
[PresId "0002010418"]

1.e4 d5 2.exd5 Qxd5 3.Nc3 Qd6 4.Nf3 c5 5.g3 Nf6 6.Bg2 Nc6 7.O-O
Bg4 8.h3 Bh5 9.d3 e6 10.Bf4 Qd7 11.Qd2 Bd6 12.Bxd6 Qxd6 13.Nb5
Qe7 14.Rae1 a6 15.Nc3 O-O 16.Nh4 Nd4 17.f4 Qc7 18.Qf2 Rad8 19.Ne4
Nxe4 20.dxe4 f6 21.c3 Nb5 22.a4 Na7 23.b4 b6 24.Qa2 Bf7 25.e5
Rd3 26.Rf3 c4 27.Rxd3 cxd3 28.Qd2 Rd8 29.exf6 gxf6 30.Be4 Qd7
31.Re3 Qxa4 32.Bxd3 Kg7 33.Qe1 Nb5 34.c4 Nd4 35.Qb1 Bg8 36.Qb2
Qd1+ 37.Bf1 Nc2 38.Re2 Rd2 39.Rxd2 Qxd2 40.b5 a5 41.Nf3 Qe3+
42.Kg2 Ne1+ 43.Nxe1 Qxe1 44.Qd4 a4 45.Qxb6 Qe4+ 46.Kg1 Bf7 47.Qa7
Qc2 48.b6 Qb3 49.b7 Qxg3+ 50.Bg2 Qxf4 51.b8Q Qc1+ 52.Kh2 e5 53.Qf2
a3 54.Qg3+ Bg6 55.Qa7+ 1-0

[Event "2001/2002 Women World Che"]
[Site "Moscow"]
[Date "2001.11.28"]
[Round "1"]
[White "Gu, Xiaobing"]
[Black "Foisor, Cristina Adela"]
[Result "0-1"]
[WhiteElo "2300"]
[BlackElo "2423"]
[WhiteCountry "CHN"]
[BlackCountry "ROM"]
[Remark "0"]
[Host "XB3/2"]
[BoardID "1730"]
[PresId "0002010420"]

1.e4 {00:20:18} c6 {00:20:19} 2.d4 {00:20:27} g6 {00:20:27} 3.Nc3
{00:20:34} d5 {00:20:35} 4.e5 Bg7 5.Bd3 {00:20:38} Nh6 {00:20:39}
6.h3 {00:20:28} f6 {00:20:37} 7.f4 {00:20:17} Nf7 {00:20:06}
8.Nf3 {00:20:18} O-O {00:19:49} 9.O-O {00:19:46} f5 {00:19:34}
10.Qe2 {00:19:29} e6 {00:19:41} 11.Be3 {00:19:22} b6 {00:19:25}
12.Bf2 {00:19:12} a5 {00:19:27} 13.a4 {00:19:14} Ba6 {00:19:31}
14.g4 {00:20:18} Bxd3 15.Qxd3 Na6 16.Kh2 Qd7 17.Rg1 Nd8 18.gxf5
exf5 19.Ng5 Bh6 20.Bh4 Nc7 21.Ne2 Nce6 22.Raf1 Bxg5 23.fxg5 Ng7
24.Qb3 Rb8 25.Rc1 Nde6 26.Bf2 f4 27.Qf3 Rbd8 28.c3 Rf5 29.h4
c5 30.b3 Qc6 31.c4 cxd4 32.Bxd4 Rff8 33.Rgd1 Nxd4 34.Nxd4 Qe8
35.cxd5 Qxe5 36.Nc6 Qb2+ 37.Kh1 Rde8 38.d6 Re3 39.Qg2 Re2 40.Qd5+
Kh8 41.Qf3 Re3 42.Qf1 Nf5 43.Kg1 Rg3+ 44.Kh1 Rxb3 45.Qg2 Qa3
46.Qf2 Rh3+ 47.Kg1 Rg3+ 48.Kh2 Rh3+ 49.Kg2 Rg3+ 50.Kf1 Rf3 51.d7
Rxf2+ 52.Kxf2 Qe3+ 53.Kg2 Qe2+ 54.Kg1 f3 0-1

[Event "2001/2002 Women World Che"]
[Site "Moscow"]
[Date "2001.11.28"]
[Round "1"]
[White "Prudnikova, Svetlana"]
[Black "Baginskaite, Camilla"]
[Result "1-0"]
[WhiteElo "2411"]
[BlackElo "2324"]
[WhiteCountry "YUG"]
[BlackCountry "USA"]
[Remark "0"]
[Host "XB3/2"]
[BoardID "1881"]
[PresId "0002010421"]

1.Nf3 {00:20:19} d5 {00:20:08} 2.g3 {00:20:19} c5 {00:20:01}
3.Bg2 {00:20:17} Nc6 {00:20:02} 4.c4 {00:19:53} dxc4 {00:18:03}
5.Qa4 {00:19:21} Bd7 {00:16:25} 6.Qxc4 {00:19:16} e5 {00:16:20}
7.d3 {00:18:40} Be7 {00:16:15} 8.O-O {00:17:48} Nf6 {00:16:10}
9.b3 {00:16:02} O-O {00:15:46} 10.Bb2 {00:16:07} Qc7 {00:15:36}
11.Nbd2 {00:15:48} h6 {00:15:17} 12.Rac1 {00:15:28} b5 {00:14:34}
13.Qc2 {00:14:51} Rac8 {00:14:29} 14.Qb1 {00:12:39} Qb8 {00:13:50}
15.Ba3 {00:11:53} Qb6 {00:10:14} 16.Rc2 {00:09:51} Bd6 {00:04:55}
17.Rfc1 {00:08:10} Nd4 {00:03:56} 18.Nxd4 {00:08:16} cxd4 {00:04:05}
19.Bxd6 Qxd6 20.b4 {00:08:24} Rxc2 {00:03:13} 21.Rxc2 {00:08:32}
Rc8 {00:03:22} 22.a3 {00:08:29} Rc3 {00:03:01} 23.Rxc3 {00:07:42}
dxc3 {00:03:09} 24.Nb3 {00:07:50} Bc6 {00:02:49} 25.Qc2 {00:07:02}
Bxg2 {00:02:42} 26.Kxg2 {00:07:11} Qc6+ {00:02:45} 27.e4 {00:06:00}
Nd7 {00:00:36} 28.Nc5 {00:06:04} f5 {00:00:34} 29.f3 {00:05:35}
fxe4 {00:00:33} 30.dxe4 {00:05:12} Qd6 {00:00:28} 31.Qxc3 {00:05:08}
Nb6 {00:00:37} 32.Nd3 {00:03:12} Nc4 {00:00:45} 33.a4 {00:02:45}
a6 {00:00:54} 34.a5 {00:02:52} Ne3+ {00:00:53} 35.Kg1 {00:02:49}
Nc4 {00:00:54} 36.Kf2 {00:02:52} Kf7 {00:00:57} 37.Ke2 {00:02:53}
g5 {00:00:56} 38.Qa1 {00:02:51} Qe6 {00:00:25} 39.Qg1 {00:02:52}
g4 {00:00:31} 40.Qf2 {00:02:40} gxf3+ {00:00:35} 41.Qxf3+ {00:02:48}
Kg6 {00:00:42} 42.g4 {00:02:54} Nd6 {00:00:48} 43.Qf5+ {00:02:45}
Nxf5 {00:00:53} 44.gxf5+ {00:02:53} 1-0

[Event "2001/2002 Women World Che"]
[Site "Moscow"]
[Date "2001.11.28"]
[Round "1"]
[White "Gaprindashvili, Nona {GM}"]
[Black "Zielinska, Marta"]
[Result "1/2-1/2"]
[WhiteElo "2349"]
[BlackElo "2399"]
[WhiteCountry "GEO"]
[BlackCountry "POL"]
[Remark "0"]
[Host "XB4/2"]
[BoardID "1974"]
[PresId "0002010425"]

1.d4 Nf6 2.c4 c5 3.d5 g6 4.Nc3 d6 5.e4 Bg7 6.h3 O-O 7.Nf3 e6
8.Bd3 Na6 9.O-O e5 10.Be3 h6 11.Qd2 Nh7 12.Bxh6 f5 13.Bxg7 Kxg7
14.Rfc1 f4 15.Kf1 Ng5 16.Nxg5 Qxg5 17.Be2 Rh8 18.Bf3 Rh4 19.Qe2
Bd7 20.Ke1 Qe7 21.Kd2 g5 22.a3 Kf6 23.Nb5 Qf8 24.Rh1 Ke7 25.Kc2
Qf6 26.Rhf1 Qh8 27.Rg1 Qh6 28.Raf1 Qg6 29.Rh1 Rah8 30.Rhg1 Qe8
31.Kb1 R8h7 32.g3 Rxh3 33.gxf4 gxf4 34.Rg5 Bxb5 35.cxb5 Nc7 36.a4
a6 37.Rfg1 axb5 38.Rg7+ Kf6 39.Rg8 Qf7 40.axb5 Ne8 41.b6 Ng7
42.Rc8 Rh2 43.Rc7 Qe8 44.Rxb7 Qa4 45.Rc7 Qd4 46.Rf1 Ne8 47.Rc8
Qa4 48.Qc2 Qa6 49.Rxe8 Qxf1+ 50.Bd1 Rxf2 51.Re6+ Kg5 52.Qa4 Qd3+
53.Ka2 Rhh2 54.Rg6+ Kxg6 55.Qe8+ Kh6 56.Qh8+ 1/2-1/2

[Event "2001/2002 Women World Che"]
[Site "Moscow"]
[Date "2001.11.28"]
[Round "1"]
[White "Radziewicz, Iweta"]
[Black "Paehtz, Elisabeth"]
[Result "1-0"]
[WhiteElo "2375"]
[BlackElo "2390"]
[WhiteCountry "POL"]
[BlackCountry "GER"]
[Remark "0"]
[Host "XB3/2"]
[BoardID "455"]
[PresId "0002010429"]

1.e4 c5 2.Nc3 d6 3.f4 g6 4.Nf3 Bg7 5.Bc4 Nc6 6.d3 Nf6 7.O-O O-O
8.Qe1 e6 9.f5 d5 10.Bb3 gxf5 11.exd5 exd5 12.Bg5 Ne7 13.Ne2 Ng6
14.Nh4 Qb6 15.Kh1 h6 16.Bd2 Re8 17.Nxf5 Bxf5 18.Rxf5 Qe6 19.Ng3
Qc6 20.Qf1 Nh4 21.Rf4 Ng6 22.Rf2 Ng4 23.Rf5 Rad8 24.Nh5 Qc7 25.g3
c4 26.Nxg7 Kxg7 27.dxc4 dxc4 28.Bc3+ f6 29.Qxc4 Qxc4 30.Bxc4
N6e5 31.Bb5 Re6 32.Re1 Red6 33.h3 Rd5 34.hxg4 Rxb5 35.a4 Rc5
36.Bxe5 fxe5 37.Re2 Rd4 38.Rfxe5 Rxe5 39.Rxe5 Kf6 40.Rf5+ Kg6
41.Rf4 Rd1+ 42.Kg2 Rd2+ 43.Rf2 Rd4 44.b3 Rxg4 45.Rd2 Rb4 46.Rd6+
Kg5 47.Kf3 Kh5 48.Rd5+ Kg6 49.Rb5 Rxb5 50.axb5 Kf5 51.c4 h5 52.b4
Ke5 53.c5 1-0

[Event "2001/2002 Women World Che"]
[Site "Moscow"]
[Date "2001.11.28"]
[Round "1"]
[White "Wang, Yu"]
[Black "Kiseleva, Natalia"]
[Result "0-1"]
[WhiteElo "2382"]
[BlackElo "2382"]
[WhiteCountry "CHN"]
[BlackCountry "UKR"]
[Remark "0"]
[Host "XB3/2"]
[BoardID "1728"]
[PresId "0002010432"]

1.e4 e6 2.d4 {00:20:28} d5 {00:20:28} 3.Nd2 {00:20:37} a6 {00:20:37}
4.Bd3 {00:18:20} c5 5.exd5 exd5 6.dxc5 Bxc5 7.Ngf3 Nf6 8.O-O
O-O 9.Nb3 Bb6 10.h3 Nc6 11.c3 Ne4 12.Qc2 f5 13.Bf4 Qf6 14.Rad1
Be6 15.Qe2 Kh8 16.Be3 Bc7 17.Nbd4 Bd7 18.Nxc6 Bxc6 19.Bd4 Qg6
20.Be5 Bb6 21.Qc2 Rae8 22.Bd4 Bc7 23.b4 Qd6 24.Rfe1 Re6 25.c4
Ng5 26.Ne5 Rfe8 27.f4 Qxb4 28.Rb1 Bxe5 29.Bxe5 Qc5+ 30.Kh2 Ne4
31.Qb2 Qe7 32.Qd4 Rd8 33.cxd5 Bxd5 34.Rbd1 Bc6 35.Qe3 Re8 36.Bc4
Rg6 0-1

[Event "2001/2002 Women World Che"]
[Site "Moscow"]
[Date "2001.11.28"]
[Round "1"]
[White "Mohota,Nisha"]
[Black "Stepovaia-Diachenko,Tat"]
[Result "1/2-1/2"]
[WhiteElo "2451"]
[BlackElo "2236"]
[WhiteCountry "RUS"]
[BlackCountry "IND"]
[Remark "0"]
[Host "XB4/1"]
[BoardID "1912"]
[PresId "0002010513"]

1.d4 d5 2.c4 c6 3.Nc3 Nf6 4.Nf3 a6 5.e3 b5 6.b3 Bg4 7.Be2 Nbd7
8.Ne5 Bxe2 9.Qxe2 Nxe5 10.dxe5 Ne4 11.Nxe4 dxe4 12.O-O Qd3 13.Qxd3
exd3 14.Rd1 O-O-O 15.cxb5 axb5 16.Ba3 e6 17.Bxf8 Rhxf8 18.Rac1
Kb7 19.Rc3 Rd5 20.Rcxd3 Rxe5 21.Rd7+ Kb6 22.Kf1 Rd5 23.Ke2 Rxd1
24.Kxd1 c5 25.Kc2 h5 26.e4 Kc6 27.Ra7 e5 28.a4 bxa4 29.bxa4 g6
30.Kc3 Kb6 31.Re7 f5 32.Re6+ Ka5 33.Rxe5 fxe4 34.Rxc5+ Kxa4 35.Rc4+
Kb5 36.Rb4+ Kc6 37.Rxe4 Rxf2 38.Re6+ Kd5 39.Rxg6 Ke4 40.Rg8 h4 1/2-1/2

[Event "2001/2002 Women World Che"]
[Site "Moscow"]
[Date "2001.11.28"]
[Round "01"]
[White "Pina, Sulennis"]
[Black "Xu, Yuanyuan"]
[Result "0-1"]
[WhiteElo "2289"]
[BlackElo "2431"]
[WhiteCountry "CUB"]
[BlackCountry "CHN"]
[Remark "0"]
[Host "XB3/2"]
[BoardID "147"]
[PresId "0002010518"]

1. e4 d5 2. exd5 Qxd5 3. Nc3 Qd6
4. d4 Nf6 5. Nf3 a6
6. g3 b5 7. Bg2 Bb7
8. O-O e6 9. Bf4 Qb6
10. a4 c5 11. axb5 axb5
12. Rxa8 Bxa8 13. dxc5 Bxc5
14. Qe2 Bc6 15. Ne5 Bxg2
16. Kxg2 b4 17. Qb5+ Qxb5
18. Nxb5 O-O 19. Nd3 Be7
20. Ra1 Nd5 21. Bd2 Nc6
22. Ra6 Rc8 23. c4 Nb8
24. cxd5 Nxa6 25. d6 Bxd6
26. Nxd6 Rd8 27. Bf4 f6
28. Kf3 g5 29. Ke2 gxf4
30. Ne4 f3+ 31. Ke3 Kf7
32. Ne1 f5 33. Ng5+ Kf6
34. Ngxf3 e5 35. Nc2 b3
36. Na3 Nb4 37. Nc4 e4
38. Nfd2 Nc2+ 39. Ke2 Rd3
40. Kd1 Nd4 41. Kc1 Nf3
42. Nf1 Ke6 43. Nce3 Nd4
44. Nd2 Nc6 45. Ndc4 Nb4
46. Ng2 Na2+ 47. Ke5+ 0-1

[Event "2001/2002 Women World Che"]
[Site "Moscow"]
[Date "2001.11.28"]
[Round "01"]
[White "Baginskaite, Camilla"]
[Black "Prudnikova, Svetlana"]
[Result "1-0"]
[WhiteElo "2324"]
[BlackElo "2411"]
[WhiteCountry "USA"]
[BlackCountry "YUG"]
[Remark "0"]
[Host "XB3/2"]
[BoardID "1881"]
[PresId "0002010521"]

1. d4 e6 2. c4 Nf6
3. Nf3 c5 4. d5 exd5
5. cxd5 g6 6. Nc3 d6
7. e4 Bg7 8. Be2 O-O
9. O-O a6 10. a4 Re8
11. Nd2 Nbd7 12. Re1 Ne5
13. Nf1 h5 14. f4 Neg4
15. Bf3 Nh7 16. Bxg4 Bxg4
17. Qc2 Bd7 18. a5 b5
19. axb6 Qxb6 20. Nd2 c4+
21. Kh1 Rac8 22. Nf3 Nf6
23. Be3 Qb7 24. Bd4 Bb5
25. Nxb5 Qxb5 26. Qc3 Nxe4
27. Rxe4 Rxe4 28. Bxg7 Rxf4 29. Bh6 1-0